=LDR 00000nam 2200000 4500 =001 INLIS000000000044922 =005 20200211065240 =035 ##$$a 0010-101300000002844 =008 200211################g##########0#ind## =041 ##$$a Ind =082 ##$$a 001.505 =090 ##$$a 001, Pro p =245 ##$$a Prosiding : Seminar substansi penelitian, aplikasi informatika dan informasi dan komunikasi publik, /$c Tim =260 ##$$a Jakarta :$b Puslitbang Aptika,$c 2012 =300 ##$$a x, 124 hlm. : $b ilus ; $c 25 x21 cm =650 #4$$a Komunikasi Informasi - Prosiding =850 ##$$a NBPNMAT =020 ##$$a 978-602-99599-9-4 =084 ##$$a 001.505 Pro p =990 ##$$a 31200261